000 00768nam a2200265Ia 4500
003 OSt
005 20220918180807.0
006 a|||||r|||| 00| 0
007 ta
008 220917b |||||||| |||| 00| 0 eng d
024 _a24,172
037 _cTextual
040 _aARTS
_cARTS
_beng
041 _2eng
_aeng
082 _aO111:gL6, K6
100 _aSpector Robert Donald
_957114
245 0 _aEnglish literary periodicals and the climate of opinion during the seven years war
260 _aHague
_bMouton
_c1966
300 _a408p.
_ccm.
490 _aStudy in english literature; 34
500 _aBIb 371-381p
650 _aENGLISH LITERATURE
942 _hO111:gL6, K6
_cTEXL
_2CC
999 _c163153
_d163153